LIBRARY & INFORMATION CENTRE, KCAET, TAVANUR

ONLINE PUBLIC ACCESS CATALOGUE (OPAC)

Abhinjana Sakunthalam / (Record no. 5948)

MARC details
000 -LEADER
fixed length control field 00428cam a2200169ua 4500
041 ## - LANGUAGE CODE
Language code of text/sound track or separate title mal
082 ## - DEWEY DECIMAL CLASSIFICATION NUMBER
Classification number 894.8122
Item number KES/AB
100 ## - MAIN ENTRY--AUTHOR NAME
Personal name Kesavan Nair, Kuttippurath .
245 00 - TITLE STATEMENT
Title Abhinjana Sakunthalam /
260 ## - PUBLICATION, DISTRIBUTION, ETC. (IMPRINT)
Place of publication Calicut :
Name of publisher P K Brothers ,
Year of publication 1958.
300 ## - PHYSICAL DESCRIPTION
Number of Pages 152 ; .
942 ## - ADDED ENTRY ELEMENTS (KOHA)
Koha item type Books
Holdings
Withdrawn status Lost status Damaged status Home library Current library Date acquired Full call number Accession Number Koha item type
      KAUAET KAUAET 07/04/2012 894.8122 1379 Books
Withdrawn     KAUAET KAUAET 03/02/2021 894.8122 KES/AB 8189 Books
Withdrawn     KAUAET KAUAET 03/02/2021 894.8122 KES/AB 8190 Books
free website counter